| 000 | 01112 am a2200373 a 4500 | ||
|---|---|---|---|
| 005 | 20240802093823.0 | ||
| 008 | 100812s2002||||ag a f |||| 001 0 spa d | ||
| 020 | _a9500203766 | ||
| 041 | _aspa | ||
| 092 |
_c612 _l12 _sCIN |
||
| 100 | 1 |
_aCingolani, Horacio E. _9666 |
|
| 245 |
_aFisiología Humana de Houssay / _cHoracio E. Cingolani |
||
| 250 | _a7a ed. 2a reimp. Renovada, actualizada y ampliada | ||
| 260 |
_aBuenos Aires: _bEl Ateneo; _c2002. |
||
| 300 |
_a1126 p. _bil. |
||
| 500 | _aCingolani, H. E. y Houssay, A. B. (2002). Fisiología Humana de Houssay. (7a ed.). Buenos Aires : El Ateneo. | ||
| 653 | _aFisiología general | ||
| 653 | _aSangre e inmunidad | ||
| 653 | _aSistema digestivo | ||
| 653 | _aSistema circulatorio | ||
| 653 | _aSistema respiratorio | ||
| 653 | _aRiñón y electrólitos | ||
| 653 | _aMetabolismo y endocrinología | ||
| 653 | _aReproducción | ||
| 653 | _aNeurofisiología | ||
| 700 | 1 |
_aHoussay, Alberto B. _9667 |
|
| 930 | _a1021 | ||
| 930 | _a1020 | ||
| 930 | _a1019 | ||
| 930 | _a785 | ||
| 930 | _a784 | ||
| 930 | _a2179 | ||
| 942 |
_2ddc _cBK _05 |
||
| 999 |
_c614 _d614 |
||